000 00306nam a2200121Ia 4500
008 231106s2016 xx 000 0 und d
041 _aeng
082 _a751.42
100 _aDAVID WEBB
245 _aCOLLECTORS EDITION INNOVATIVE PACKAGING AND GRAPHICS
260 _bQUARTO PRESS
_c2016
300 _aH-256
999 _c920342
_d920342